书目信息 |
| 题名: |
抗战时期正面战场荣誉军人研究
|
|
| 作者: | 李常宝 著 | |
| 分册: | ||
| 出版信息: | 北京 人民日报出版社 2014 |
|
| 页数: | 331页 | |
| 开本: | 24cm | |
| 丛书名: | ||
| 单 册: | ||
| 中图分类: | K265.06 | |
| 科图分类: | ||
| 主题词: | 抗日战争--荣誉军人--研究--中国 | |
| 电子资源: | ||
| ISBN: | 978-7-5115-2585-7 | |
| 000 | 01524nam0 2200253 450 | |
| 001 | 337857 | |
| 005 | 20150601083512.15 | |
| 010 | @a978-7-5115-2585-7@dCNY63.00 | |
| 100 | @a20141203d2014 em y0chiy50 ea | |
| 101 | 0 | @achi |
| 102 | @aCN@b110000 | |
| 105 | @ay z 000yy | |
| 106 | @ar | |
| 200 | 1 | @a抗战时期正面战场荣誉军人研究@Akang zhan shi qi zheng mian zhan chang rong yu jun ren yan jiu@d= Research on the glorious soldiers on the frontal battlefield in the Anti-Japanese War@f李常宝著@zeng |
| 210 | @a北京@c人民日报出版社@d2014 | |
| 215 | @a331页@d24cm | |
| 300 | @a人民日报学术文库 教育部“非常态社会控制的成败得失——晚晴民国政府处理民众运动研究” 国家社科基金西部项目“四川县级档案馆藏民国档案数字化处理与研究” 四川大学中央高校基本科研业务费研究专项项目资助出版 | |
| 330 | @a本书首先交代问题的研究背景——南京政府兵役制的变迁, 民众对待军队军人的认知及战前国家对残废军人的安抚;重点探讨抗战爆发后南京政府关于军队伤残应对机制的被动确立;并通过战争伤残的案例分析, 揭示抗战时期国军战力军力赢弱的程度。同时分析荣誉军人与大后方民众的冲突, 揭示出众生在战时家国利益考量之间真实而复杂的心态;最后交代荣誉军人在大后方的生产生活以及战后该等的最后归宿。荣誉军人的人生际遇集中反映了抗战之际中国前方与后方真实的社会样态。 | |
| 510 | 1 | @aResearch on the glorious soldiers on the frontal battlefield in the Anti-Japanese War@zeng |
| 606 | 0 | @a抗日战争@x荣誉军人@x研究@y中国 |
| 690 | @aK265.06@v5 | |
| 701 | 0 | @a李常宝@Ali chang bao@c(历史文化)@4著 |
| 801 | 0 | @aCN@b卓展宏图@c20150525 |
| 905 | @dK265.06@e109@f4 | |
| 抗战时期正面战场荣誉军人研究= Research on the glorious soldiers on the frontal battlefield in the Anti-Japanese War/李常宝著.-北京:人民日报出版社,2014 |
| 331页;24cm |
| 人民日报学术文库 教育部“非常态社会控制的成败得失——晚晴民国政府处理民众运动研究” 国家社科基金西部项目“四川县级档案馆藏民国档案数字化处理与研究” 四川大学中央高校基本科研业务费研究专项项目资助出版 |
| ISBN 978-7-5115-2585-7:CNY63.00 |
| 本书首先交代问题的研究背景——南京政府兵役制的变迁, 民众对待军队军人的认知及战前国家对残废军人的安抚;重点探讨抗战爆发后南京政府关于军队伤残应对机制的被动确立;并通过战争伤残的案例分析, 揭示抗战时期国军战力军力赢弱的程度。同时分析荣誉军人与大后方民众的冲突, 揭示出众生在战时家国利益考量之间真实而复杂的心态;最后交代荣誉军人在大后方的生产生活以及战后该等的最后归宿。荣誉军人的人生际遇集中反映了抗战之际中国前方与后方真实的社会样态。 |
| ● |
| 相关链接 |
|
|
|
|
正题名:抗战时期正面战场荣誉军人研究
索取号:K265.06/109
 
预约/预借
| 序号 | 登录号 | 条形码 | 馆藏地/架位号 | 状态 | 备注 |
| 1 | 856448 | 208564481 | 第二样本阅览室/ [索取号:K265.06/109] | 在馆 | |
| 2 | 856449 | 208564490 | 第二借阅区/ [索取号:K265.06/109] | 在馆 | |
| 3 | 856450 | 208564506 | 第二借阅区/ [索取号:K265.06/109] | 在馆 | |
| 4 | 856451 | 208564515 | 第二借阅区/ [索取号:K265.06/109] | 在馆 |